00446nam a2200109Ia 4500008004100000050002300041100002700064245010400091260008600195300002800281521002700309140724s9999 xx 000 0 und d aT 58.6b.B174 2013 aBalcora, Kevin John P. aAlumni information system of Southville International School and Colleges /cKevin John P. Balcora. aLas Piñas, Philippines :bSouthville International School and Colleges,cc2013. a50 p. :bill. ;c28 cm. aInformation Technology